Films From 1939 Quiz Stats

 Plays Quiz not verified by Sporcle

Challenge
Share
Tweet
Embed
Score 0/29 Timer 08:00
0 Plays Today
% Correct
Gone with the Wind
97.2%
The Wizard of Oz
95.8%
Mr. Smith Goes to Washington
95.8%
Goodbye, Mr. Chips
88.9%
Destry Rides Again
87.5%
Wuthering Heights
87.5%
Of Mice and Men
80.6%
Stagecoach
80.6%
Young Mr. Lincoln
79.2%
The Adventures of Sherlock Holmes
77.8%
Ninotchka
77.8%
The Hunchback of Notre Dame
76.4%
Beau Geste
73.6%
Charlie Chan at Treasure Island
70.8%
Intermezzo
70.8%
% Correct
The Women
68.1%
The Adventures of Huckleberry Finn
68.1%
Tarzan Finds a Son
65.3%
At the Circus
65.3%
Golden Boy
62.5%
The Little Princess
61.1%
The Flying Deuces
59.7%
Never Say Die
58.3%
Jeese James
58.3%
Blondie Meets the Boss
54.2%
Saved by the Belle
51.4%
You Can't Cheat an Honest Man
44.4%
Buck Rogers
40.3%
The Three Musketeers
38.9%

You're not logged in!

Compare scores with friends on all Sporcle quizzes.
Join for Free
OR
Log In

You Might Also Like...

Show Comments

Extras

Top Quizzes Today


Score Distribution

Your Account Isn't Verified!

In order to create a playlist on Sporcle, you need to verify the email address you used during registration. Go to your Sporcle Settings to finish the process.

Report this User

Report this user for behavior that violates our Community Guidelines.

Details: